000
00299nam a22001337a 4500
008
180315b xxu||||| |||| 00| 0 eng d
020
_a
9780028645971
041
_a
eng
080
_2
2nd
_a
78
100
_a
45
101
_a
MUZ
245
_a
A complete guide to brass
_c
Whitener,S
942
_2
udc
_c
BK
999
_c
45108
_d
45108